00269nam a2200109Ia 4500008004100000100001600041245003900057260002700096650001400123942000700137999001500144190216s9999||||xx |||||||||||||| ||und|| aMouric Dobb 0aTheories Of Value And Distribution bVikas Publishing House aEconomics cBK c9594d9594